|
|
|
|
| LEADER |
01775nam a2200421 i 4500 |
| 001 |
EBC2083410 |
| 003 |
MiAaPQ |
| 005 |
20200520144314.0 |
| 006 |
m o d | |
| 007 |
cr cnu|||||||| |
| 008 |
150801t20152015sz ad ob 000 0 eng d |
| 020 |
|
|
|z 9789221292630
|
| 020 |
|
|
|a 9789221292647
|q (electronic bk.)
|
| 020 |
|
|
|a 9789221292654
|q (electronic bk.)
|
| 020 |
|
|
|a 9789221292661
|q (electronic bk.)
|
| 035 |
|
|
|a (MiAaPQ)EBC2083410
|
| 035 |
|
|
|a (Au-PeEL)EBL2083410
|
| 035 |
|
|
|a (CaPaEBR)ebr11080873
|
| 035 |
|
|
|a (OCoLC)913696238
|
| 040 |
|
|
|a MiAaPQ
|b eng
|e rda
|e pn
|c MiAaPQ
|d MiAaPQ
|
| 050 |
|
4 |
|a HD4904
|b .W675 2015
|
| 082 |
0 |
|
|a 306.36
|2 23
|
| 245 |
0 |
0 |
|a World employment and social outlook :
|b the changing nature of jobs.
|
| 264 |
|
1 |
|a Geneva, Switzerland :
|b International Labour Organization,
|c 2015.
|
| 264 |
|
4 |
|c 2015
|
| 300 |
|
|
|a 1 online resource (155 pages) :
|b color illustrations, charts
|
| 336 |
|
|
|a text
|2 rdacontent
|
| 337 |
|
|
|a computer
|2 rdamedia
|
| 338 |
|
|
|a online resource
|2 rdacarrier
|
| 504 |
|
|
|a Includes bibliographical references.
|
| 588 |
|
|
|a Description based on online resource; title from PDF title page (ebrary, viewed August 3, 2015).
|
| 590 |
|
|
|a Electronic reproduction. Ann Arbor, MI : ProQuest, 2016. Available via World Wide Web. Access may be limited to ProQuest affiliated libraries.
|
| 650 |
|
0 |
|a Work
|x Forecasting.
|
| 650 |
|
0 |
|a Industrial relations.
|
| 655 |
|
4 |
|a Electronic books.
|
| 776 |
0 |
8 |
|i Print version:
|t World employment and social outlook : the changing nature of jobs.
|d Geneva, Switzerland : International Labour Organization, c2015
|h 159 pages
|z 9789221292630
|
| 797 |
2 |
|
|a ProQuest (Firm)
|
| 856 |
4 |
0 |
|u https://ebookcentral.proquest.com/lib/matrademy/detail.action?docID=2083410
|z Click to View
|